| 000 | 00737nam a22001577a 4500 | ||
|---|---|---|---|
| 003 | SGT | ||
| 020 | _a8174462902 | ||
| 082 | _a005,DOE | ||
| 100 | _aDOEACC | ||
| 245 | _aPROGRAMMING AND PROBLEM SOLVING THROUGH VISUAL BASIC | ||
| 260 |
_aNEW DELHI _bEXCEL BOOKS _c2002 |
||
| 300 | _a496 | ||
| 650 | _aCOMPUTER SCIENCE | ||
| 653 | _aVISUAL BASIC AT A GLANCE, THE INTEGRATED DEVELOPMENT ENVIRONMENT, THE LANGUAGE REFERENCE, ERROR HANDLING, DEBUGGING AND SORTING TECHNIQUES, OBJECT ORIENT AND EVENT DRIVEN PROGRAMMING IN VISUAL BASIC, FORMS AND MENES, DIALOG BOXES, USING BASIC CONTROLS, WORKING WITH DISK FILES, NEW ACTIVEX CONTROLS, VBA AND OLE AUTOMATION, USING THE APPLICATION PROGRAMMING, WORKING WITH DISK FILE | ||
| 942 |
_2ddc _cFCM |
||
| 999 |
_c8962 _d8962 |
||